000 00916nam a2200277 a 4500
001 000044766
003 DO-SdBNP
005 20230313101830.0
007 ta
008 150109s2014 dr 000 0 spa d
020 _a9789945415568
040 _aDO-SdBNP
_bspa
_cBNPHU
082 4 _222
100 1 _aAlba, Orlando
_916502
245 1 0 _aObservación del cambio lingüístico en tiempo real :
_bel nuevo léxico disponible de los dominicanos /
_cOrlando Alba ; prólogo Humberto López Morales.
260 _aSanto Domingo :
_bBanco de Reservas,
_c2014.
300 _a330 p. ;
_c24 cm.
490 1 _aOro
_v4
500 _aIncluye datos biografícos del autor en las solapas
500 _aIncluye notas a pie de páginas
504 _aBibliografía : p. 133-142
590 _aInventariado, 2019 / DG
700 1 _aLópez Morales, Humberto,
_eprologo
_95734
830 0 _aOro
_n4
_972778
942 _2ddc
_cLBS1
999 _c44255
_d44255